| 000 | 00927na a2200253 4500 | ||
|---|---|---|---|
| 001 | 24396 | ||
| 003 | MIRAKIL | ||
| 005 | 20181226104236.0 | ||
| 008 | 180928b tu 000 0 | ||
| 020 | _a9786054201167 | ||
| 041 | _atur | ||
| 082 |
_a353.851 _bA57m 2015 |
||
| 090 | _a353.851 A57m 2015 | ||
| 100 | _aAntel, Sadrettin Celal | ||
| 245 |
_aMaarif Teşkilatı hakkında bir layiha (1926) _cSadrettin Celal [Antel]; yeni harflere aktaran ve düzenleyen Niyazi Altunya |
||
| 260 |
_aAnkara _bEğitim-İş Kültür Yayınları _c2015 |
||
| 300 |
_a168 s. _c20 sm. |
||
| 500 | _aYapıt Maarif Vekaleti Mecmuası'nda (Sayı 7, 1 Mayıs 1926, s. 135-246) yayınlanmış yazının yeni harflere aktarılmış halidir. | ||
| 610 |
_aMaarif Vekaleti (1926) _xTeşkilat yapısı _yTasarılar |
||
| 630 | _aMaarif Vekaleti Mecmuası | ||
| 700 | _aAltuna, Niyazi | ||
| 942 |
_2ddc _cBKS |
||
| 040 |
_aMilas _btur _cTR-AnCHP |
||
| 999 |
_c11890 _d11890 |
||